| 000 | 00516nam a2200169Ia 4500 | ||
|---|---|---|---|
| 003 | OSt | ||
| 005 | 20200629140240.0 | ||
| 008 | 190216s9999||||xx |||||||||||||| ||und|| | ||
| 040 | _coclc | ||
| 082 |
_a934 _bALL/S |
||
| 100 |
_aAllchin, F R _93318 |
||
| 245 | 0 |
_aA Source Of Indian Archaeology Vol 1,2,3 / _cF R Allchin ; Dilip K Chakrabarti |
|
| 260 |
_bMunshiram Manoharlal Pub Pvt Ltd, _aDelhi: _c1979. |
||
| 300 | _a354p | ||
| 650 | _aHistory | ||
| 942 |
_cBK _2ddc _h934 _iALL/S _k934 _mALL/S |
||
| 999 |
_c21071 _d21071 |
||